| 000 | 00759nam a22001577a 4500 | ||
|---|---|---|---|
| 005 | 20250812092742.0 | ||
| 008 | 250812b |||||||| |||| 00| 0 eng d | ||
| 020 | _a1598038893 | ||
| 082 | _aAV-CD Sa773 2012 | ||
| 100 |
_aSartore, Joel. _963503 |
||
| 245 |
_aFundamentals of photography / _cJoel Sartore |
||
| 260 |
_aUSA : _bThe Great Courses, _c©2012. |
||
| 300 |
_a4 videodisc : _bsd., col. ; _c7/4 5/4 in. |
||
| 520 | _a"Take beautiful and inspiring photos by learning to "see" like a professional photographer. Taught by an award-winning photographer and National Geographic Fellow, Fundamentals of Photography is a thorough and easy-to-follow guide that presents tips and techniques guaranteed to improve your photography skills." | ||
| 942 |
_2ddc _cAV-CD |
||
| 999 |
_c23641 _d23641 |
||